00395nam a2200121Ia 4500008004100000100002300041245006800064245002300132260005900155650001800214650001500232856002600247170221s9999 xx 000 0 und d aTseganesh Mulugeta aMedia Coverage of Child Abuse and Child Protection in Ethiopia  cTseganesh Mulugeta bOnline Journal of Communication and Media Technologies xCommunication xMedia Arts uhttp://www.ojcmt.net/